• 首页
  • 本馆介绍
  • 公告通知
  • 最新文献
  • 馆藏检索
  • 电子资源
  • 读者导购
  • 参考咨询
  • 我的图书馆
  • 登录
  • 详细信息显示
  • 放入我的书架
  • 预约/预借图书
  • 作者相关作品
  • 分类相关作品
  • 丛书相关作品
  • 出版社相关作品

书目信息

  • 表格格式
  • 工作单格式
  • 卡片格式
题名:
电力系统工程与智能电网技术
    
 
作者: 岳涵 , 王艳辉 , 赵明 著
分册:  
出版信息: 北京   中国原子能出版社  2020.10
页数: 132页
开本: 24cm
丛书名:
单 册:
中图分类: TM71 , TM76
科图分类:
主题词: 电力系统--dian li xi tong--系统工程 , 智能控制--zhi neng kong zhi--电网
电子资源:
ISBN: 978-7-5221-1089-9
000 00969nam0 2200289 450
001 2352026633
005 20231124142719.27
010    @a978-7-5221-1089-9@dCNY45.00
100    @a20211020d2020 em y0chiy50 ea
101 0  @achi
102    @aCN@b110000
105    @ay a 000yy
106    @ar
200 1  @a电力系统工程与智能电网技术@Adian li xi tong gong cheng yu zhi neng dian wang ji shu@f岳涵, 王艳辉, 赵明著
210    @a北京@c中国原子能出版社@d2020.10
215    @a132页@d24cm
320    @a有书目 (第132页)
330    @a本书共5章, 主要包括: 电力系统的基本概念、电力系统的等值电路及潮流计算、电力系统稳定运行、智能电网概述及智能电网基础技术。
606 0  @a电力系统@Adian li xi tong@x系统工程
606 0  @a智能控制@Azhi neng kong zhi@x电网
690    @aTM71@v5
690    @aTM76@v5
701  0 @a岳涵@Ayue han@4著
701  0 @a王艳辉@Awang yan hui@4著
701  0 @a赵明@Azhao ming@4著
801    @aCN@b山东中教@c20231121
905    @aBZT@dTM71@e3
    
    电力系统工程与智能电网技术/岳涵, 王艳辉, 赵明著.-北京:中国原子能出版社,2020.10
    132页;24cm
    
    
    ISBN 978-7-5221-1089-9:CNY45.00
    本书共5章, 主要包括: 电力系统的基本概念、电力系统的等值电路及潮流计算、电力系统稳定运行、智能电网概述及智能电网基础技术。
●
相关链接 在五车中查询图书 在当当中查询图书 在豆瓣中查询图书


正题名:电力系统工程与智能电网技术     索取号:TM71/3         预约/预借

序号 登录号 条形码 馆藏地/架位号 状态 备注
1 2001043991   2001043991   中教第一批/山东中教(第一批)/656/ [索取号:TM71/3] 在馆    
2 2001043992   2001043992   中教第一批/山东中教(第一批)/656/ [索取号:TM71/3] 在馆    
3 2001043993   2001043993   中教第一批/山东中教(第一批)/656/ [索取号:TM71/3] 在馆    
4 2001043994   2001043994   中教第一批/山东中教(第一批)/656/ [索取号:TM71/3] 在馆    
5 2001043995   2001043995   中教第一批/山东中教(第一批)/656/ [索取号:TM71/3] 在馆    
6 2001043996   2001043996   中教第一批/山东中教(第一批)/656/ [索取号:TM71/3] 在馆    
山东省滨州职业学院图书馆 欢迎您!
大连网信软件有限公司© 版权所有